| 000 | 00535nam a2200133Ia 4500 | ||
|---|---|---|---|
| 008 | 260210s9999 xx 000 0 und d | ||
| 024 | _a12B-87-EL, 12B-102-EL, 12B-105-EL & 12B-109-EL | ||
| 082 | _a621.367072 SYE | ||
| 100 | _aSyed Muhammad Saad Hussain, Muhammad Hassaan Sani, Syeda Wajeeha Tanveer & Muhammad Farhan Khan | ||
| 245 | 0 | _aAutomation of Fabric Inspection Machine Using Digital Image Processing | |
| 260 |
_aKarachi: _bUITU, _c2012 |
||
| 600 | _aElectrical Engineering | ||
| 650 | _aBachelor of Engineering (BE) | ||
| 999 |
_c33182 _d33182 |
||